LEADER 01636nam0 2200325 i 450 001 VAN00069605 005 20240806100548.140 010 $a88-8292-007-0 100 $a20090430d1998 |0itac50 ba 101 $aita 102 $aIT 105 $a|||| ||||| 200 1 $aˆIl ‰diritto delle nazioni e le nazioni del diritto$fPeter Fitzpatrick$ga cura di Annamaria Rufino 205 $aNapoli : La città del sole$b1998 210 $a61 p.$a21 cm 215 $aVolume presente anche nel Fondo F. M. d'Ippolito. 410 1$1001VAN00069607$12001 $aTesti del dottorato in istituzioni giuridiche ed evoluzione economico-sociale$fUniversità degli studi del Molise, Istituto universitario Suor Orsola Benincasa$1210 $aNapoli$cLa città del sole$d1998-$v1 606 $aFilosofia politica$3VANC029829$2SG 620 $dNapoli$3VANL000005 700 1$aFitzpatrick$bPeter$3VANV021292$0464625 702 1$aRufino$bAnnamaria$3VANV013804 712 $aLa città del sole $3VANV108351$4650 801 $aIT$bSOL$c20260130$gRICA 899 $aBIBLIOTECA DEL DIPARTIMENTO DI GIURISPRUDENZA$1IT-CE0105$2VAN00 899 $aBIBLIOTECA DEL DIPARTIMENTO DI SCIENZE POLITICHE$1IT-CE0182$2VAN04 912 $aVAN00069605 950 $aBIBLIOTECA DEL DIPARTIMENTO DI GIURISPRUDENZA$d00CONS FDI.VIII.1 $e00FDI2560 20111004 950 $aBIBLIOTECA DEL DIPARTIMENTO DI SCIENZE POLITICHE$d04CONS IV.H.a.32 $e04OMA559 20090430 996 $aDiritto delle nazioni e le nazioni del diritto$91414392 997 $aUNICAMPANIA LEADER 02803nam 2200685 a 450 001 9910970837003321 005 20251117092035.0 010 $a1-80758-723-1 010 $a1-283-65559-4 010 $a0-85745-437-4 024 7 $a10.1515/9780857454379 035 $a(CKB)2670000000259528 035 $a(EBL)1040765 035 $a(OCoLC)813392103 035 $a(SSID)ssj0000758135 035 $a(PQKBManifestationID)11414284 035 $a(PQKBTitleCode)TC0000758135 035 $a(PQKBWorkID)10773522 035 $a(PQKB)11490564 035 $a(Au-PeEL)EBL1040765 035 $a(CaPaEBR)ebr10612449 035 $a(CaONFJC)MIL396809 035 $a(DE-B1597)636560 035 $a(DE-B1597)9780857454379 035 $a(Perlego)540816 035 $a(MiAaPQ)EBC1040765 035 $a(EXLCZ)992670000000259528 100 $a20120210d2012 uy 0 101 0 $aeng 135 $aur|n|---||||| 181 $ctxt 182 $cc 183 $acr 200 10$aJourney through America /$fby Wolfgang Koeppen ; translated by Michael Kimmage 210 $aNew York $cBerghahn Books$d2012 215 $a1 online resource (171 p.) 225 1 $aTransatlantic perspectives ;$vv. 1 300 $a"First published by Henry Goverts Verlag [in] 1959 as Amerikafahrt"--T.p. verso. 311 08$a0-85745-231-2 320 $aIncludes bibliographical references and index. 327 $aContents; Acknowledgments; Introduction; Journey through America; Bibliography; Index 330 $aAmerikafahrt by Wolfgang Koeppen is a masterpiece of observation, analysis, and writing, based on his 1958 trip to the United States. A major twentieth-century German writer, Koeppen presents a vivid and fascinating portrait of the US in the late 1950s: its major cities, its literary culture, its troubled race relations, its multi-culturalism and its vast loneliness, a motif drawn, in part, from Kafka's Amerika. A modernist travelogue, the text employs symbol, myth, and image, as if Koeppen sought to answer de Tocqueville's questions in the manner of Joyce and Kafka. Journey through America is 410 0$aTransatlantic perspectives ;$v1. 606 $aAuthors, German$xTravel$zUnited States 607 $aUnited States$xCivilization$y1945- 607 $aUnited States$xSocial conditions$y1945- 607 $aUnited States$xDescription and travel 607 $aUnited States$xForeign public opinion, German 615 0$aAuthors, German$xTravel 676 $a973.91 676 $a973.91 700 $aKoeppen$b Wolfgang$f1906-1996.$0219702 701 $aKimmage$b Michael$01805908 801 0$bMiAaPQ 801 1$bMiAaPQ 801 2$bMiAaPQ 906 $aBOOK 912 $a9910970837003321 996 $aJourney through America$94545653 997 $aUNINA